|
|
|
|
| LEADER |
00000cam a2200000 a 4500 |
| 001 |
vtls010114072 |
| 003 |
SK-MaSNL |
| 005 |
20260301131356.0 |
| 008 |
240315s2010 xo g 000 f slo |
| 015 |
|
|
|a SNBA2010/11-05805
|
| 020 |
|
|
|a 9788055122946
|q (viaz.)
|
| 035 |
|
|
|a 53D281FB-F74C-442C-BD4A-DE901E2A64C5
|
| 035 |
|
|
|a urn:nbn:sk:snk-amk0xq
|
| 035 |
|
|
|a urn:nbn:sk:snk-am0086zs
|
| 040 |
|
|
|a SNK
|b slo
|c SNK
|e AACR2
|
| 041 |
0 |
|
|a slo
|h por
|
| 044 |
|
|
|a xo
|c SK
|
| 072 |
|
7 |
|a 821.134.3
|x Portugalská literatúra
|2 konspekt
|
| 080 |
|
|
|a 821.134.3(81)-31
|2 2001
|
| 080 |
|
|
|a (0:82-31)
|2 2001
|
| 100 |
1 |
|
|a Coelho, Paulo,
|d 1947-
|4 aut
|9 91339
|
| 240 |
1 |
0 |
|a O diário de um mago
|l Slovensky
|
| 245 |
1 |
0 |
|a Pútnik z Compostely
|b mágov denník
|c Paulo Coelho ; [z portugalštiny preložila Miroslava Petrovská ; prológ preložila Jana Marcelliová]
|
| 250 |
|
|
|a 2. vyd.
|
| 260 |
|
|
|a Bratislava
|b Ikar
|c 2010
|
| 300 |
|
|
|a 222 s.
|c 21 cm
|
| 504 |
|
|
|a Obsahuje poznámky pod čiarou
|
| 655 |
|
7 |
|a brazílske romány
|2 SNKPH
|9 70682
|
| 700 |
1 |
|
|a Petrovská, Miroslava,
|d 1963-
|4 trl
|9 105374
|
| 700 |
1 |
|
|a Benková Marcelliová, Jana,
|d 1979-
|4 trl
|9 215646
|
| 919 |
|
|
|a 978-80-551-2294-6
|
| 958 |
|
|
|a UP
|
| 958 |
|
|
|a LX
|
| 968 |
|
|
|b POR
|d 821
|
| 999 |
|
|
|c 747741
|d 749671
|
| 952 |
|
|
|a SNK
|b SNK
|y PREZ
|7 0
|p 17A0665649
|o snkSC 141193
|i snk2010/14900
|8 0
|0 0
|1 0
|4 0
|d 2010-07-12
|l 0
|r 2025-07-09 00:00:00
|w 2026-02-23
|
| 952 |
|
|
|a SNK
|b SNK
|y PREZ
|7 0
|p 17A0665648
|o snkSC 141193 D1
|i snk2010/14901
|8 0
|0 0
|1 0
|4 0
|d 2010-07-12
|f 1
|l 0
|r 2026-02-23 23:21:29
|w 2026-02-23
|